000
00296nam a22001217a 4500
008
170315b xxu||||| |||| 00| 0 eng d
041
_a
eng
080
_a
611
100
_a
7
101
_a
shm
245
_a
AN ATLAS OF DETAILED NORMAL PNEUMOENCEPHALOGRAPHIC ANATOMY
_c
DI CHIRO. G
942
_2
udc
_c
BK
999
_c
7932
_d
7932